[Event "DVM U20 2018"]
[Site "Osnabrück GER"]
[Date "2018.12.29"]
[Round "5"]
[White "Rietschel, Tilo"]
[Black "Hörkner, Nico"]
[Result "1-0"]
[Termination "normal"]
[Board "4.4"]
[WhiteElo "1916"]
[BlackElo "1775"]
[WhiteClock "00:13:49"]
[BlackClock "00:07:43"]
[WhiteTeam "Lübecker SV"]
[BlackTeam "SK König Plauen"]
[PlyCount "63"]
[WhiteFideId "16208390"]
[BlackFideId "12974900"]
[EventCountry "GER"]
[EventRounds "7"]
[EventType "team-swiss"]
[EventDate "2018.12.26"]

1. e4 {[%clk 1:30:58]} c5 {[%clk 1:30:54]} 2. Nf3 {[%clk 1:31:24]} e6 {[%clk
1:31:17]} 3. d4 {[%clk 1:31:49]} cxd4 {[%clk 1:31:41]} 4. Nxd4 {[%clk 1:32:14]}
Nc6 {[%clk 1:32:05]} 5. Nc3 {[%clk 1:31:35]} Qc7 {[%clk 1:32:03]} 6. Be3 {[%clk
1:30:34]} a6 {[%clk 1:32:19]} 7. Be2 {[%clk 1:29:49]} Nf6 8. O-O {[%clk
1:27:04]} b5 {[%clk 1:26:16]} 9. a3 {[%clk 1:26:13]} Bb7 10. f4 {[%clk
1:19:13]} d6 {[%clk 1:23:52]} 11. g4 Be7 12. g5 {[%clk 1:13:54]} Nd7 {[%clk
1:17:42]} 13. f5 {[%clk 0:56:45]} Nxd4 {[%clk 0:58:22]} 14. Qxd4 e5 {[%clk
0:44:41]} 15. Qd2 {[%clk 0:55:37]} Nb6 16. Rf2 Bc6 {[%clk 0:21:36]} 17. b3
{[%clk 0:36:12]} Qb7 {[%clk 0:19:44]} 18. Bf3 {[%clk 0:35:35]} Rd8 {[%clk
0:17:56]} 19. Rd1 {[%clk 0:29:38]} a5 {[%clk 0:13:11]} 20. Qd3 {[%clk 0:16:49]}
b4 {[%clk 0:11:08]} 21. axb4 {[%clk 0:17:01]} axb4 {[%clk 0:11:32]} 22. Nd5
{[%clk 0:17:06]} Bxd5 {[%clk 0:10:53]} 23. exd5 {[%clk 0:17:30]} Nd7 24. Ra1
{[%clk 0:16:12]} Ra8 {[%clk 0:10:26]} 25. Rxa8+ {[%clk 0:15:27]} Qxa8 {[%clk
0:10:51]} 26. Qb5 {[%clk 0:14:18]} Qb8 {[%clk 0:10:28]} 27. Qc6 {[%clk
0:14:34]} Kd8 {[%clk 0:09:34]} 28. Rf1 {[%clk 0:12:43]} Qc8 {[%clk 0:08:36]}
29. Ra1 {[%clk 0:13:01]} Qxc6 {[%clk 0:07:14]} 30. dxc6 {[%clk 0:13:26]} Nb8
{[%clk 0:07:29]} 31. Ra8 {[%clk 0:13:24]} Kc7 {[%clk 0:07:43]} 32. Ra7+ {[%clk
0:13:49]} 1-0

[Event "DVM U20 2018"]
[Site "Osnabrück GER"]
[Date "2018.12.29"]
[Round "5"]
[White "Helmrich, Daniel"]
[Black "Tiedemann, Fin Niklas"]
[Result "0-1"]
[Termination "normal"]
[Board "4.5"]
[WhiteElo "1783"]
[BlackElo "1902"]
[WhiteClock "00:00:39"]
[BlackClock "00:00:55"]
[WhiteTeam "SK König Plauen"]
[BlackTeam "Lübecker SV"]
[PlyCount "70"]
[WhiteFideId "12956767"]
[BlackFideId "12936936"]
[EventCountry "GER"]
[EventRounds "7"]
[EventType "team-swiss"]
[EventDate "2018.12.26"]

1. e4 {[%clk 1:30:56]} e5 {[%clk 1:30:53]} 2. Nf3 {[%clk 1:31:20]} Nc6 {[%clk
1:31:18]} 3. Bc4 {[%clk 1:31:46]} Bc5 4. c3 {[%clk 1:30:53]} Nf6 {[%clk
1:32:05]} 5. d3 a6 6. Bb3 {[%clk 1:30:05]} O-O {[%clk 1:31:32]} 7. O-O {[%clk
1:27:22]} d6 {[%clk 1:22:11]} 8. Nbd2 {[%clk 1:16:23]} Kh8 9. Nc4 {[%clk
1:16:11]} b5 {[%clk 0:58:49]} 10. Ne3 {[%clk 1:15:25]} Na5 {[%clk 0:51:04]} 11.
Bc2 {[%clk 1:09:39]} Bb6 {[%clk 0:47:01]} 12. b4 {[%clk 0:56:23]} Nc6 {[%clk
0:45:40]} 13. Bb3 {[%clk 0:47:46]} a5 {[%clk 0:35:45]} 14. Ng5 {[%clk 0:43:28]}
Kg8 {[%clk 0:30:25]} 15. Nd5 {[%clk 0:34:52]} h6 16. Nxf6+ {[%clk 0:33:32]}
Qxf6 {[%clk 0:30:14]} 17. Bd5 {[%clk 0:31:45]} Bb7 {[%clk 0:23:26]} 18. Nf3
{[%clk 0:28:01]} Ra7 {[%clk 0:18:01]} 19. Be3 axb4 {[%clk 0:18:22]} 20. Bxb6
{[%clk 0:27:38]} cxb6 {[%clk 0:18:45]} 21. Bxc6 {[%clk 0:21:59]} Bxc6 {[%clk
0:13:02]} 22. cxb4 {[%clk 0:16:19]} Qe6 {[%clk 0:09:55]} 23. Qe2 {[%clk
0:14:11]} f5 {[%clk 0:07:38]} 24. Rfc1 {[%clk 0:10:16]} Be8 {[%clk 0:05:37]}
25. Nh4 {[%clk 0:09:20]} fxe4 {[%clk 0:03:31]} 26. dxe4 Qf6 {[%clk 0:03:03]}
27. Nf5 {[%clk 0:08:46]} d5 {[%clk 0:02:44]} 28. Ne3 {[%clk 0:03:50]} dxe4
{[%clk 0:00:52]} 29. Nd5 Qf5 30. Rc7 {[%clk 0:01:51]} Rxc7 {[%clk 0:01:17]} 31.
Nxc7 Bh5 {[%clk 0:00:39]} 32. Qd2 {[%clk 0:01:05]} Qg6 {[%clk 0:00:47]} 33.
Nxb5 {[%clk 0:00:53]} Bf3 {[%clk 0:00:35]} 34. g3 {[%clk 0:00:39]} Qe6 35. Kf1
Qc4+ {[%clk 0:00:55]} 0-1

[Event "DVM U20 2018"]
[Site "Osnabrück GER"]
[Date "2018.12.29"]
[Round "5"]
[White "Dörp, Max Marian"]
[Black "Elstner, Florian"]
[Result "1-0"]
[Termination "normal"]
[Board "4.6"]
[WhiteElo "1766"]
[BlackElo "1284"]
[WhiteClock "00:00:56"]
[BlackClock "00:19:32"]
[WhiteTeam "Lübecker SV"]
[BlackTeam "SK König Plauen"]
[PlyCount "123"]
[WhiteFideId "12983551"]
[BlackFideId "16247264"]
[EventCountry "GER"]
[EventRounds "7"]
[EventType "team-swiss"]
[EventDate "2018.12.26"]

1. Nf3 {[%clk 1:30:57]} Nf6 {[%clk 1:30:41]} 2. c4 {[%clk 1:31:15]} c5 {[%clk
1:30:51]} 3. Nc3 {[%clk 1:31:29]} e6 {[%clk 1:30:59]} 4. d3 {[%clk 1:29:52]}
Be7 {[%clk 1:30:30]} 5. g3 {[%clk 1:29:39]} Nc6 {[%clk 1:30:16]} 6. Bg2 {[%clk
1:29:36]} O-O {[%clk 1:29:33]} 7. O-O {[%clk 1:29:34]} d5 {[%clk 1:27:27]} 8.
b3 {[%clk 1:20:44]} a6 {[%clk 1:22:19]} 9. a3 Rb8 10. Bf4 {[%clk 1:03:02]} Bd6
{[%clk 1:15:26]} 11. Bg5 Be7 12. Bf4 {[%clk 0:55:05]} Bd6 {[%clk 1:10:53]} 13.
Bg5 {[%clk 0:55:23]} Be7 {[%clk 1:11:09]} 14. Qc2 b5 {[%clk 0:55:59]} 15. Nb1
{[%clk 0:49:36]} Qb6 {[%clk 0:51:40]} 16. Nbd2 {[%clk 0:43:57]} Bb7 {[%clk
0:49:03]} 17. Bf4 {[%clk 0:36:55]} Rbc8 18. Bg5 {[%clk 0:30:28]} Rfd8 {[%clk
0:45:46]} 19. Rfd1 h6 20. Bxf6 {[%clk 0:28:55]} Bxf6 {[%clk 0:42:02]} 21. Rab1
{[%clk 0:29:10]} b4 {[%clk 0:40:48]} 22. a4 {[%clk 0:28:39]} Rc7 23. Rbc1 Nd4
{[%clk 0:35:01]} 24. Nxd4 {[%clk 0:24:00]} Bxd4 {[%clk 0:34:47]} 25. e4 {[%clk
0:20:41]} Rcd7 {[%clk 0:32:16]} 26. cxd5 {[%clk 0:14:03]} exd5 {[%clk 0:29:53]}
27. exd5 Bxd5 {[%clk 0:29:44]} 28. Bxd5 {[%clk 0:10:38]} Rxd5 {[%clk 0:29:59]}
29. Ne4 {[%clk 0:10:00]} f5 {[%clk 0:26:15]} 30. Nd2 {[%clk 0:09:35]} f4 31.
Ne4 {[%clk 0:05:12]} fxg3 {[%clk 0:24:36]} 32. hxg3 {[%clk 0:05:29]} Qg6 {[%clk
0:22:53]} 33. Qe2 {[%clk 0:04:40]} h5 {[%clk 0:21:31]} 34. Qf3 {[%clk 0:04:05]}
Rf5 {[%clk 0:19:33]} 35. Qg2 {[%clk 0:03:36]} Rdf8 {[%clk 0:19:16]} 36. Rf1
{[%clk 0:03:01]} h4 {[%clk 0:17:45]} 37. gxh4 {[%clk 0:02:20]} Qxg2+ {[%clk
0:18:06]} 38. Kxg2 {[%clk 0:02:40]} Rf4 {[%clk 0:17:54]} 39. f3 {[%clk
0:00:39]} Rxh4 {[%clk 0:17:05]} 40. Rh1 {[%clk 0:00:46]} Rhf4 {[%clk 0:17:05]}
41. Rh3 {[%clk 0:28:52]} R8f5 {[%clk 0:45:25]} 42. Rch1 {[%clk 0:26:40]} g5
{[%clk 0:45:36]} 43. Rg3 Be5 {[%clk 0:38:43]} 44. Nxg5 {[%clk 0:21:39]} Rd4 45.
Ne6+ {[%clk 0:16:44]} Bxg3 {[%clk 0:37:58]} 46. Nxd4 {[%clk 0:17:05]} Rg5
{[%clk 0:37:56]} 47. Ne2 {[%clk 0:15:35]} Bd6+ {[%clk 0:36:11]} 48. Kf2 Rd5
{[%clk 0:36:05]} 49. Ke3 {[%clk 0:15:28]} Re5+ {[%clk 0:35:47]} 50. Kd2 {[%clk
0:15:08]} Rf5 51. Rh6 {[%clk 0:14:20]} Be7 {[%clk 0:34:21]} 52. Rxa6 {[%clk
0:11:28]} Rxf3 {[%clk 0:34:13]} 53. Re6 {[%clk 0:09:01]} Kf7 {[%clk 0:33:31]}
54. Re4 {[%clk 0:08:19]} Bf6 {[%clk 0:32:03]} 55. Rc4 {[%clk 0:07:42]} Bg5+
{[%clk 0:31:52]} 56. Kc2 {[%clk 0:07:18]} Rf2 {[%clk 0:31:38]} 57. Re4 {[%clk
0:07:12]} Kf6 {[%clk 0:30:11]} 58. d4 {[%clk 0:04:49]} Kf5 {[%clk 0:29:23]} 59.
Re5+ {[%clk 0:04:29]} Kf6 {[%clk 0:28:40]} 60. Kd3 {[%clk 0:00:53]} cxd4 {[%clk
0:19:32]} 61. Rd5 {[%clk 0:00:56]} Ke6 62. Rxg5 1-0

[Event "DVM U20 2018"]
[Site "Osnabrück GER"]
[Date "2018.12.29"]
[Round "5"]
[White "Browning, Alex"]
[Black "Joeres, Stefan"]
[Result "0-1"]
[Termination "normal"]
[Board "5.1"]
[WhiteElo "2052"]
[BlackElo "2093"]
[WhiteTeam "Märkischer Springer Halver-Schalksmühle"]
[BlackTeam "Karlsruher SF"]
[PlyCount "98"]
[WhiteFideId "12984019"]
[BlackFideId "12983160"]
[EventCountry "GER"]
[EventRounds "7"]
[EventType "team-swiss"]
[EventDate "2018.12.26"]

1. e4 c5 2. Nf3 Nc6 3. c3 d5 4. exd5 Qxd5 5. d4 Bg4 6. Be2 e6 7. h3 Bh5 8. c4
Qd7 9. d5 Bxf3 10. Bxf3 Nd4 11. Be3 e5 12. O-O Bd6 13. b4 b6 14. Bxd4 exd4 15.
bxc5 bxc5 16. Nd2 Ne7 17. Rb1 O-O 18. Rb3 Rab8 19. Re1 Rb6 20. Ne4 Ng6 21. Bh5
Ne5 22. Nxc5 Bxc5 23. Rxb6 Bxb6 24. Rxe5 Qc7 25. Qe1 g6 26. Bf3 Qxc4 27. d6
Qxa2 28. d7 Qa3 29. Rd5 Rd8 30. Qe8+ Qf8 31. Qe5 Qa3 32. Qe8+ Kg7 33. Qe5+ f6
34. Qf4 Qe7 35. Bg4 h5 36. Bxh5 Rxd7 37. Rxd7 Qxd7 38. Bg4 Qe7 39. Qd2 a5 40.
Bd1 Qc5 41. Bc2 Qe5 42. Qd1 d3 43. Bxd3 a4 44. Bxg6 Qc5 45. Qd7+ Kxg6 46. Qe8+
Kg7 47. Qd7+ Kf8 48. Kh1 Qc1+ 49. Kh2 Qc7+ 0-1

[Event "DVM U20 2018"]
[Site "Osnabrück GER"]
[Date "2018.12.29"]
[Round "5"]
[White "Koll, Lukas"]
[Black "von Bargen, Lukas"]
[Result "1-0"]
[Termination "normal"]
[Board "5.2"]
[WhiteElo "1993"]
[BlackElo "1974"]
[WhiteTeam "Karlsruher SF"]
[BlackTeam "Märkischer Springer Halver-Schalksmühle"]
[PlyCount "95"]
[WhiteFideId "12969737"]
[BlackFideId "12946141"]
[EventCountry "GER"]
[EventRounds "7"]
[EventType "team-swiss"]
[EventDate "2018.12.26"]

1. g3 Nf6 2. c4 e6 3. Bg2 d5 4. d4 Bb4+ 5. Bd2 Be7 6. Nf3 O-O 7. Nc3 Nc6 8.
cxd5 exd5 9. O-O Ne4 10. Be3 Nxc3 11. bxc3 Bg4 12. c4 dxc4 13. Rc1 b5 14. d5
Nb4 15. Ne5 Bf5 16. g4 Bd6 17. gxf5 Bxe5 18. f4 Bb2 19. Rb1 c3 20. Qb3 Qe7 21.
Bd4 a5 22. a3 Na6 23. Qxb5 Qxa3 24. Be4 Qb4 25. Qd3 Nc5 26. Bxc5 Qxc5+ 27. Kh1
f6 28. d6 cxd6 29. Bxa8 Rxa8 30. Rg1 Qc6+ 31. Rg2 a4 32. e4 a3 33. Rbg1 Ra7 34.
Qd4 Qc5 35. Qxf6 Qc7 36. Rxg7+ Qxg7 37. Rxg7+ Rxg7 38. Qd8+ Kf7 39. Qd7+ Kf8
40. Qd8+ Kf7 41. f6 Rg8 42. Qe7+ Kg6 43. f5+ Kh6 44. f7 c2 45. fxg8=Q c1=Q+ 46.
Qg1 Qxg1+ 47. Kxg1 a2 48. Qe6+ 1-0

[Event "DVM U20 2018"]
[Site "Osnabrück GER"]
[Date "2018.12.29"]
[Round "5"]
[White "Kroo, Julian"]
[Black "Wegmer, Leon"]
[Result "0-1"]
[Termination "normal"]
[Board "5.3"]
[WhiteElo "1827"]
[BlackElo "1892"]
[WhiteTeam "Märkischer Springer Halver-Schalksmühle"]
[BlackTeam "Karlsruher SF"]
[PlyCount "104"]
[WhiteFideId "12989908"]
[BlackFideId "12983748"]
[EventCountry "GER"]
[EventRounds "7"]
[EventType "team-swiss"]
[EventDate "2018.12.26"]

1. d4 Nf6 2. Nf3 e6 3. c4 b6 4. Bg5 Be7 5. Nc3 O-O 6. e3 d5 7. cxd5 Nxd5 8.
Bxe7 Nxe7 9. Bd3 Nd7 10. Rc1 c5 11. Ne4 cxd4 12. Nxd4 Ne5 13. Bb1 Ba6 14. f4
N5g6 15. Kf2 Qd7 16. Qh5 Rac8 17. Rhd1 Rxc1 18. Rxc1 h6 19. Rd1 Qa4 20. Nc3 Qb4
21. Nb3 Bc4 22. Bc2 Nd5 23. a3 Qe7 24. Nxd5 Bxd5 25. Nd4 Qf6 26. Kg1 Ne7 27. g4
g5 28. fxg5 Qxg5 29. Qxg5+ hxg5 30. e4 Bc4 31. b3 Ba6 32. Kg2 Rc8 33. Rd2 Rd8
34. Nf3 Rxd2+ 35. Nxd2 Nc6 36. Kg3 Nd4 37. Bd1 Kg7 38. e5 Bb7 39. Nf3 Bxf3 40.
Bxf3 Nxb3 41. h4 gxh4+ 42. Kxh4 Nd2 43. Be2 Nb1 44. a4 Nc3 45. Bb5 a6 46. Bxa6
Nxa4 47. g5 Nc3 48. Bd3 b5 49. Kg4 b4 50. Bc2 Ne2 51. Bb1 b3 52. Kf3 Nc3 0-1

[Event "DVM U20 2018"]
[Site "Osnabrück GER"]
[Date "2018.12.29"]
[Round "5"]
[White "Wiesner, Alexander"]
[Black "Kölz, Niklas"]
[Result "1/2-1/2"]
[Termination "normal"]
[Board "5.4"]
[WhiteElo "1939"]
[BlackElo "1778"]
[WhiteTeam "Karlsruher SF"]
[BlackTeam "Märkischer Springer Halver-Schalksmühle"]
[PlyCount "40"]
[WhiteFideId "12943991"]
[BlackFideId "12971758"]
[EventCountry "GER"]
[EventRounds "7"]
[EventType "team-swiss"]
[EventDate "2018.12.26"]

{[%evp 0,43,19,19,17,21,14,30,25,13,6,7,45,36,45,36,82,47,47,54,64,29,25,30,60,
70,58,60,63,45,52,56,112,94,94,97,101,74,81,42,47,31,127,17,9,0]} 1. d4 Nf6 2.
c4 e6 3. Nf3 b6 4. g3 Bb7 5. Bg2 c5 6. d5 exd5 7. Nh4 Be7 8. cxd5 d6 9. e4 Ba6
10. f4 O-O 11. Kf2 Nxe4+ 12. Bxe4 Bxh4 13. Qh5 f5 14. Bxf5 Rxf5 15. Qxf5 Bf6
16. Qe6+ Kf8 17. Nc3 Bc8 18. Qe2 Na6 19. a3 Nc7 20. Re1 Qe7 1/2-1/2

[Event "DVM U20 2018"]
[Site "Osnabrück GER"]
[Date "2018.12.29"]
[Round "5"]
[White "Leonidas, Robert"]
[Black "Fidlin, Simon"]
[Result "0-1"]
[Termination "normal"]
[Board "5.5"]
[WhiteElo "1362"]
[BlackElo "1893"]
[WhiteTeam "Märkischer Springer Halver-Schalksmühle"]
[BlackTeam "Karlsruher SF"]
[PlyCount "98"]
[WhiteFideId "16274776"]
[BlackFideId "16217535"]
[EventCountry "GER"]
[EventRounds "7"]
[EventType "team-swiss"]
[EventDate "2018.12.26"]

1. c4 Nf6 2. g3 g6 3. Bg2 Bg7 4. Nf3 O-O 5. d3 d6 6. Nc3 c5 7. O-O Nc6 8. Bd2
Rb8 9. Qc1 a6 10. Rb1 b5 11. b3 Bg4 12. Bh6 Bxf3 13. Bxf3 Nd4 14. Bxg7 Kxg7 15.
Qe3 e6 16. Bg2 Qa5 17. Rfc1 bxc4 18. dxc4 Rfd8 19. Qd3 Rbc8 20. e3 Nc6 21. Rb2
Nb4 22. Qd2 Ng4 23. f4 Nc6 24. h3 Nf6 25. Ne4 Nxe4 26. Qxa5 Nxa5 27. Bxe4 f5
28. Bf3 Kf6 29. Rd2 Nc6 30. Rcd1 Ke7 31. Bxc6 Rxc6 32. Kf2 a5 33. Kf3 a4 34.
Rb1 Rb6 35. e4 fxe4+ 36. Kxe4 Rdb8 37. Rdb2 Rb4 38. Kd3 d5 39. cxd5 exd5 40.
Kc3 Kd6 41. bxa4 d4+ 42. Kc2 Rc4+ 43. Kd2 Rxb2+ 44. Rxb2 Rxa4 45. Kc2 Ra3 46.
Rb3 Rxa2+ 47. Rb2 Rxb2+ 48. Kxb2 Kd5 49. Kc2 Ke4 0-1

[Event "DVM U20 2018"]
[Site "Osnabrück GER"]
[Date "2018.12.29"]
[Round "5"]
[White "Grining, Maria"]
[Black "Laufer, Maximilian"]
[Result "1-0"]
[Termination "normal"]
[Board "5.6"]
[WhiteElo "1618"]
[BlackElo "1479"]
[WhiteTeam "Karlsruher SF"]
[BlackTeam "Märkischer Springer Halver-Schalksmühle"]
[PlyCount "101"]
[WhiteFideId "16235037"]
[BlackFideId "16274784"]
[EventCountry "GER"]
[EventRounds "7"]
[EventType "team-swiss"]
[EventDate "2018.12.26"]

1. Nf3 d5 2. e3 Bf5 3. c4 c6 4. Nc3 e6 5. b3 Nf6 6. Bb2 Nbd7 7. Rc1 Bd6 8. Be2
O-O 9. Nh4 Bg6 10. Nxg6 fxg6 11. O-O Nc5 12. d3 e5 13. cxd5 cxd5 14. Nb5 Ne6
15. Nxd6 Qxd6 16. Qd2 Rad8 17. Qa5 Qb8 18. d4 exd4 19. exd4 Nf4 20. Bf3 Nd3 21.
Rc2 Nxb2 22. Rxb2 b6 23. Qb5 Qf4 24. Qd3 Ng4 25. Bxg4 Qxg4 26. Re1 Rde8 27.
Rbe2 Rxe2 28. Rxe2 Qf4 29. Qe3 Qc7 30. g3 Qb7 31. Qe5 Qa8 32. Qe6+ Kh8 33. Re5
Rd8 34. Qf7 a5 35. Re7 Rg8 36. Rb7 a4 37. Ra7 Qc8 38. Rxa4 Rf8 39. Qe7 Qc1+ 40.
Kg2 Rg8 41. Ra7 Qc2 42. Rd7 Qf5 43. Rb7 h6 44. Rxb6 Rf8 45. Qe3 h5 46. h4 Qg4
47. Re6 Kh7 48. Re5 Qd7 49. Qd3 Rf5 50. Rxf5 gxf5 51. a4 1-0

[Event "DVM U20 2018"]
[Site "Osnabrück GER"]
[Date "2018.12.29"]
[Round "5"]
[White "Geltz, Noah"]
[Black "Reindl, Arno"]
[Result "1/2-1/2"]
[Termination "normal"]
[Board "6.1"]
[WhiteElo "1991"]
[BlackElo "2053"]
[WhiteTeam "SF HN-Biberach 1978 e.V."]
[BlackTeam "SG Schwäbisch Gmünd"]
[PlyCount "40"]
[WhiteFideId "16224256"]
[BlackFideId "12946729"]
[EventCountry "GER"]
[EventRounds "7"]
[EventType "team-swiss"]
[EventDate "2018.12.26"]

1. c4 Nf6 2. g3 g6 3. Nf3 Bg7 4. Nc3 d5 5. cxd5 Nxd5 6. Nxd5 Qxd5 7. Bg2 O-O 8.
O-O Nc6 9. d3 Qd8 10. Rb1 Be6 11. b3 Rb8 12. Bb2 Nd4 13. Nxd4 Bxd4 14. Bxd4
Qxd4 15. Rc1 c5 16. h4 h5 17. Qd2 b6 18. Rc2 Rfd8 19. Qg5 Rd7 20. Be4 Kg7
1/2-1/2

[Event "DVM U20 2018"]
[Site "Osnabrück GER"]
[Date "2018.12.29"]
[Round "5"]
[White "Kasüschke, Lars"]
[Black "Hoffmann, Jens"]
[Result "0-1"]
[Termination "normal"]
[Board "6.2"]
[WhiteElo "1987"]
[BlackElo "2000"]
[WhiteTeam "SG Schwäbisch Gmünd"]
[BlackTeam "SF HN-Biberach 1978 e.V."]
[PlyCount "98"]
[WhiteFideId "12939510"]
[BlackFideId "12946320"]
[EventCountry "GER"]
[EventRounds "7"]
[EventType "team-swiss"]
[EventDate "2018.12.26"]

1. b3 e5 2. Bb2 Nc6 3. e3 Nf6 4. Bb5 Bd6 5. Na3 e4 6. Ne2 O-O 7. Ng3 Be5 8. c3
d5 9. d4 Bd6 10. Be2 a6 11. O-O Ne7 12. c4 c6 13. Nc2 Ne8 14. f4 f5 15. a4 Bd7
16. c5 Bc7 17. b4 g5 18. fxg5 Bxg3 19. hxg3 Ng6 20. Kf2 Qxg5 21. Bc1 Nf6 22.
Rh1 Ng4+ 23. Kg1 h5 24. Qe1 Kf7 25. Rb1 Rh8 26. Bd2 Rh7 27. b5 axb5 28. axb5
Rah8 29. bxc6 bxc6 30. Rh3 h4 31. gxh4 Nxh4 32. Qg3 Nf3+ 33. Bxf3 exf3 34. Rb7
f2+ 35. Kf1 Qe7 36. Nb4 Qe6 37. Nd3 Rxh3 38. gxh3 Nf6 39. Ne5+ Kf8 40. Ng6+ Ke8
41. Nxh8 Ne4 42. Qb8+ Bc8 43. Ba5 f4 44. Re7+ Kxe7 45. Qc7+ Kf6 46. Qxf4+ Kg7
47. Bc7 Qxh3+ 48. Ke2 f1=Q+ 49. Qxf1 Ba6+ 0-1

[Event "DVM U20 2018"]
[Site "Osnabrück GER"]
[Date "2018.12.29"]
[Round "5"]
[White "Triantafillidis, Simeon"]
[Black "Baars, Mario"]
[Result "1-0"]
[Termination "normal"]
[Board "6.3"]
[WhiteElo "1955"]
[BlackElo "1840"]
[WhiteTeam "SF HN-Biberach 1978 e.V."]
[BlackTeam "SG Schwäbisch Gmünd"]
[PlyCount "37"]
[WhiteFideId "12953113"]
[BlackFideId "16200160"]
[EventCountry "GER"]
[EventRounds "7"]
[EventType "team-swiss"]
[EventDate "2018.12.26"]

{[%evp 0,37,28,28,70,70,71,41,58,53,58,58,66,47,92,89,104,110,127,127,146,99,
99,99,111,106,148,-10,-10,-10,80,107,98,98,204,130,546,546,576,562]} 1. e4 c6
2. Nc3 d5 3. Nf3 Nf6 4. e5 Ne4 5. d4 Nxc3 6. bxc3 Qa5 7. Bd2 Bg4 8. c4 Bxf3 9.
Qxf3 Qb6 10. Qg4 e6 11. Bd3 h5 12. Qf4 g6 13. Bxg6 fxg6 14. Qf6 Rh7 15. Qxe6+
Re7 16. Qxg6+ Kd7 17. O-O Re6 18. Qf7+ Be7 19. Rab1 1-0

[Event "DVM U20 2018"]
[Site "Osnabrück GER"]
[Date "2018.12.29"]
[Round "5"]
[White "Lang, Thomas"]
[Black "Arns, Alexander"]
[Result "1-0"]
[Termination "normal"]
[Board "6.4"]
[WhiteElo "1757"]
[BlackElo "1920"]
[WhiteTeam "SG Schwäbisch Gmünd"]
[BlackTeam "SF HN-Biberach 1978 e.V."]
[PlyCount "143"]
[WhiteFideId "12982520"]
[BlackFideId "12944009"]
[EventCountry "GER"]
[EventRounds "7"]
[EventType "team-swiss"]
[EventDate "2018.12.26"]

1. e4 d5 2. exd5 Qxd5 3. Nc3 Qa5 4. d4 Nf6 5. Bc4 c6 6. Bd2 Qc7 7. h3 e6 8. Nf3
Bd6 9. O-O O-O 10. Qc1 Nbd7 11. Ng5 e5 12. dxe5 Nxe5 13. Bb3 h6 14. Nge4 Nxe4
15. Nxe4 Bf5 16. Nxd6 Qxd6 17. Bf4 Qf6 18. Bxe5 Qxe5 19. Re1 Qf6 20. Qf4 Qg6
21. Re3 Kh7 22. c3 Rad8 23. Rg3 Qh5 24. Qe5 Bg6 25. Qc7 Qe2 26. Qxb7 Qxb2 27.
Re1 Qd2 28. Rge3 Qd7 29. Re7 Qxb7 30. Rxb7 Rd3 31. Rc1 Ra8 32. Bxf7 Bxf7 33.
Rxf7 Rd2 34. Rb1 Rxa2 35. Rbb7 Rg8 36. Rxa7 Rxa7 37. Rxa7 Re8 38. Rc7 Re6 39.
Rf7 Kg6 40. Rf3 Re1+ 41. Kh2 Re4 42. Kg3 Rc4 43. Re3 Kf5 44. Kf3 h5 45. Ke2 Ra4
46. Kd3 c5 47. Re8 Ra7 48. Rc8 Ra5 49. Kc4 Ke6 50. Rc6+ Kf7 51. Rxc5 Ra4+ 52.
Kd3 g6 53. Re5 Ra1 54. Re2 Rg1 55. f3 Kf6 56. Kd4 Rd1+ 57. Kc5 Kf5 58. c4 g5
59. Kc6 Kf4 60. c5 Kg3 61. Kb7 Rb1+ 62. Kc7 Rg1 63. Kd6 Rd1+ 64. Kc7 Rg1 65. c6
Rxg2 66. Rxg2+ Kxg2 67. Kd6 Kxh3 68. c7 Kg3 69. c8=Q g4 70. fxg4 hxg4 71. Ke5
Kf3 72. Qc3+ 1-0

[Event "DVM U20 2018"]
[Site "Osnabrück GER"]
[Date "2018.12.29"]
[Round "5"]
[White "Fischer, Patrick"]
[Black "Waibel, Christian"]
[Result "1/2-1/2"]
[Termination "normal"]
[Board "6.5"]
[WhiteElo "1658"]
[BlackElo "1654"]
[WhiteTeam "SF HN-Biberach 1978 e.V."]
[BlackTeam "SG Schwäbisch Gmünd"]
[PlyCount "54"]
[WhiteFideId "12953075"]
[BlackFideId "16217497"]
[EventCountry "GER"]
[EventRounds "7"]
[EventType "team-swiss"]
[EventDate "2018.12.26"]

1. e4 e5 2. Nf3 Nc6 3. Bc4 Bc5 4. b4 Bxb4 5. c3 Be7 6. d4 Na5 7. Nxe5 Nxc4 8.
Nxc4 d5 9. exd5 Qxd5 10. Ne3 Qd6 11. O-O Nf6 12. Ba3 Qd8 13. Bxe7 Qxe7 14. Re1
O-O 15. Qf3 c6 16. Nd2 Be6 17. Qg3 Qd7 18. Nec4 Rad8 19. Ne5 Qd5 20. Nb3 Nd7
21. Nxd7 Bxd7 22. Nc5 b6 23. Re5 Qc4 24. Nxd7 Rxd7 25. h3 c5 26. dxc5 bxc5 27.
Qe3 Rd5 1/2-1/2

[Event "DVM U20 2018"]
[Site "Osnabrück GER"]
[Date "2018.12.29"]
[Round "5"]
[White "Reindl, Jork"]
[Black "Späth, René"]
[Result "1-0"]
[Termination "normal"]
[Board "6.6"]
[WhiteElo "1654"]
[BlackElo "1626"]
[WhiteTeam "SG Schwäbisch Gmünd"]
[BlackTeam "SF HN-Biberach 1978 e.V."]
[PlyCount "109"]
[WhiteFideId "16200152"]
[BlackFideId "16224272"]
[EventCountry "GER"]
[EventRounds "7"]
[EventType "team-swiss"]
[EventDate "2018.12.26"]

1. e4 c5 2. Nf3 Nc6 3. d4 cxd4 4. Nxd4 Nf6 5. Nc3 e5 6. Ndb5 d6 7. Bg5 a6 8.
Na3 b5 9. Nd5 Be7 10. Bxf6 Bxf6 11. c3 O-O 12. Nc2 g6 13. Bd3 Bg7 14. Nce3 Bb7
15. Bc2 Rc8 16. h4 Ne7 17. Bb3 a5 18. a3 Kh8 19. h5 Ng8 20. Qf3 Qg5 21. Nb6 Rc7
22. Ned5 Bxd5 23. Nxd5 Rb7 24. Ke2 Bh6 25. Ne3 Nf6 26. g4 Qf4 27. hxg6 fxg6 28.
Qxf4 Bxf4 29. f3 Bxe3 30. Kxe3 g5 31. Rad1 Rd8 32. Bd5 Rc7 33. Be6 Kg7 34. Rd2
Re7 35. Bf5 h6 36. Rhd1 Ne8 37. Rd5 Rb8 38. R1d2 Rb6 39. a4 Reb7 40. axb5 Rxb5
41. Rxb5 Rxb5 42. Bd7 Rb8 43. Bxe8 Rxe8 44. Rxd6 Rb8 45. Rd5 Kf6 46. Rxa5 Rxb2
47. Ra6+ Kg7 48. Re6 Rb5 49. Kd3 Rc5 50. Rd6 Rc7 51. c4 Rf7 52. c5 Rxf3+ 53.
Kc4 h5 54. gxh5 Rf7 55. Rg6+ 1-0

[Event "DVM U20 2018"]
[Site "Osnabrück GER"]
[Date "2018.12.29"]
[Round "5"]
[White "Grohmann, Alexander"]
[Black "Grund, Sebastian"]
[Result "0-1"]
[Termination "normal"]
[Board "7.1"]
[WhiteElo "1985"]
[BlackElo "2050"]
[WhiteTeam "FVS ASP Hoyerswerda"]
[BlackTeam "MTV 1876 Saalfeld"]
[PlyCount "94"]
[WhiteFideId "12947679"]
[BlackFideId "12988626"]
[EventCountry "GER"]
[EventRounds "7"]
[EventType "team-swiss"]
[EventDate "2018.12.26"]

1. e4 c5 2. Nc3 Nc6 3. f4 g6 4. Nf3 Bg7 5. Bb5 Nd4 6. O-O a6 7. Bd3 e6 8. Kh1
Ne7 9. Nxd4 cxd4 10. Ne2 d6 11. c3 dxc3 12. bxc3 O-O 13. Bc2 f5 14. d4 e5 15.
Rb1 Qc7 16. Bb3+ Kh8 17. fxe5 dxe5 18. d5 Qd6 19. c4 f4 20. c5 Qxc5 21. d6 Bg4
22. dxe7 Qxe7 23. Qe1 f3 24. Ng1 fxg2+ 25. Kxg2 Bf6 26. Qg3 h5 27. Bb2 Kh7 28.
Nf3 Qb4 29. Bd5 Qa4 30. Bxe5 Bxf3+ 31. Rxf3 Bxe5 32. Rxb7+ Kh6 33. Qf2 Rxf3 34.
Qxf3 Qc2+ 35. Kf1 Qc1+ 36. Ke2 Qc2+ 37. Ke1 Qc1+ 38. Ke2 Rc8 39. Qe3+ Qxe3+ 40.
Kxe3 Rc3+ 41. Kd2 Rh3 42. Rb6 Rxh2+ 43. Kd3 h4 44. Rxa6 Rg2 45. Re6 Rg5 46. Rb6
h3 47. Rb1 h2 0-1